Biblioteka Instytutu Północnego w Olsztynie

Pál Teleki (1879-1941) / (Rekord nr 27744)

Szczegóły MARC
000 -Nagłówek
fixed length control field 02466cam a2200565 i 4500
001 - Nr kontrolny bibl., która utworzyła rek.
control field xx004867713
003 - Siglum bibl., której nr kontr. jest w 001
control field NUKAT
005 - Data i czas ostatniej operacji
control field 20260424120325.0
008 - Elementy pola stałej długości
fixed length control field 200522s2020 pl a |001 0bpol c
020 ## - ISBN
ISBN 9788380988583
dopowiedzenie (oprawa twarda) :
warunki dostępności zł 30,00
035 ## - Systemowy numer kontrolny
systemowy numer kontrolny (OCoLC)1156651756
035 ## - Systemowy numer kontrolny
systemowy numer kontrolny (NUKAT)xx004867713
040 ## - Instytucja sporządzająca opis
Instytucja, która sporządziła opis KAT U/AM
język katalgowania-trzyzn. kod pol
zasady opisu rda
Instytucja, która sporządziła rekord KAT U/AMs
Instytucja, która zmodyfikowała rekord KAT U/AM
-- WR O/MMt
-- WA 392/MD
-- WA 14/ABs
-- OLSZT 008/bak
041 1# - Kod nazwy języka dokumentu
Język tekstu pol
Language code of original hun
045 2# - Okres czasu dla zawartości
czas między r. 9999 pne a nasz. czas. d1879
-- d1941
046 ## - Kod rodz. daty, data1, data2 (daty pne)
Begin/single date 2018
100 1# - Hasło główne-nazwa osobowa
Nazwa osobowa Ablonczy, Balázs
Daty biograficzne (1974- ).
rodzaj współpracy Autor
9 (RLIN) 40453
245 10 - Tytuł właściwy i oznaczenie odpow.
tytuł Pál Teleki (1879-1941) /
dod. inf. ze s. tyt./ozn. odpow. Balázs Ablonczy ; przekład Szymon Brzeziński ; Instytut Pamięci Narodowej. Komisja Ścigania Zbrodni przeciwko Narodowi Polskiemu.
260 ## - Adres wydawniczy
miejsce wydania, dystrybucji itp. Warszawa :
nazwa wydawcy, dystrybutora itp. Instytut Pamięci Narodowej - Komisja Ścigania Zbrodni przeciwko Narodowi Polskiemu,
data wydania, dystrybucji itp. 2020.
300 ## - Opis fizyczny
objętość i/lub forma materiału 231, [1] strona :
inne szczegóły opisu fizycznego ilustracje ;
format 24 cm.
336 ## - Content Type
Term Tekst
Code txt
Source rdacontent
337 ## - Media Type
Term Bez urządzenia pośredniczącego
Code n
Source rdamedia
338 ## - Carrier Type
Term Wolumin
Code nc
Source rdacarrier
380 ## - Form of work
Form of work Książki
380 ## - Form of work
Form of work Publikacje naukowe
388 1# - TIME PERIOD OF CREATION
Time period of creation term 2001-
500 ## - Uwaga ogólna
uwaga ogólna Na stronie redakcyjnej: Współpraca: Węgierski Instytut Kultury w Warszawie oraz Fundacja im. Wacława Felczaka w Budapeszcie.
504 ## - Uwaga o bibliografii
uwaga o bibliografii Bibliografia na stronach 214-219. Indeks.
536 ## - Uwaga o finansowaniu dokumentu
tekst uwagi Książka została wydana przy wsparciu finansowym Nemzeti Kulturális Alap (Narodowy Fundusz Kultury) w Budapeszcie
600 17 - Hasło przedmiotowe-nazwa osobowa
nazwa osobowa Teleki, Pál
daty biograficzne (1879-1941)
źródło hasła DBN
9 (RLIN) 40454
600 17 - Hasło przedmiotowe-nazwa osobowa
nazwa osobowa Teleki, Pál
daty biograficzne (1879-1941).
źródło hasła kaba
9 (RLIN) 40455
648 #7 - SUBJECT ADDED ENTRY--CHRONOLOGICAL TERM
Chronological term 1801-1900
Source of heading or term DBN
9 (RLIN) 36037
648 #7 - SUBJECT ADDED ENTRY--CHRONOLOGICAL TERM
Chronological term 1901-2000
Source of heading or term DBN
9 (RLIN) 34996
650 #7 - Hasło przedmiotowe-nazwa pospolita
nazwa pospolita lub geogr. Geografowie
źródło hasła DBN
9 (RLIN) 40456
650 #7 - Hasło przedmiotowe-nazwa pospolita
nazwa pospolita lub geogr. Harcerze i harcerki
źródło hasła DBN
9 (RLIN) 40094
650 #7 - Hasło przedmiotowe-nazwa pospolita
nazwa pospolita lub geogr. Ministrowie
źródło hasła DBN
9 (RLIN) 37238
650 #7 - Hasło przedmiotowe-nazwa pospolita
nazwa pospolita lub geogr. Politycy
źródło hasła DBN
9 (RLIN) 36070
650 #7 - Hasło przedmiotowe-nazwa pospolita
nazwa pospolita lub geogr. Premier (urząd)
źródło hasła DBN
9 (RLIN) 40457
650 #7 - Hasło przedmiotowe-nazwa pospolita
nazwa pospolita lub geogr. Politycy
określnik geograficzny Węgry
określnik formy biografie.
źródło hasła kaba
9 (RLIN) 40458
650 #7 - Hasło przedmiotowe-nazwa pospolita
nazwa pospolita lub geogr. Biografie
określnik chronologiczny 20 w.
źródło hasła kaba
9 (RLIN) 40459
651 #7 - Hasło przedmiotowe-nazwa geogr.
nazwa geograficzna Węgry
źródło hasła DBN
9 (RLIN) 35869
651 #7 - Hasło przedmiotowe-nazwa geogr.
nazwa geograficzna Węgry
określnik chronologiczny 20 w.
źródło hasła kaba
9 (RLIN) 40460
655 #7 - Termin określający rodzaj/formę
rodzaj/forma Biografia
źródło terminu DBN
9 (RLIN) 35059
658 ## - Nazwa określająca cel programu nauczania
główny cel programu nauczania Historia
658 ## - Nazwa określająca cel programu nauczania
główny cel programu nauczania Polityka, politologia, administracja publiczna
700 1# - Hasło dodatkowe - nazwa osobowa
nazwa osobowa Brzeziński, Szymon
daty biograficzne (1981- ).
rodzaj współpracy Tłumaczenie
9 (RLIN) 16418
710 2# - Hasło dodatkowe - nazwa ciała zbior.
nazwa ciała zbior. lub nazwa geogr. Instytut Pamięci Narodowej - Komisja Ścigania Zbrodni przeciwko Narodowi Polskiemu.
rodzaj współpracy Instytucja sprawcza
-- Wydawca
kod rodzaju współpracy pbl
9 (RLIN) 11792
920 ## - ISBN
ISBN 978-83-8098-858-3 (oprawa twarda) : zł 30,00
942 ## - ADDED ENTRY ELEMENTS (KOHA)
Source of classification or shelving scheme Dewey Decimal Classification
Koha item type pozycje dostępne na miejscu
Egzemplarze
Status wycofania Status zagubienia Klasyfikacja Status uszkodzenia Blokada wypożyczeń Kolekcja Lokalizacja macierzysta Lokalizacja bieżąca Data nabycia Numer akcesji Źródło akcesji Cena Nr inwentarzowy il. wypożyczeń Sygnatura Kod kreskowy Date last seen Price effective from Typ egz.
    Dewey Decimal Classification nieuszkodzona   książka w magazynie Biblioteka Instytutu Północnego w Olsztynie Biblioteka Instytutu Północnego w Olsztynie 30/11/2020 D-36/2020 dar 30.00 59929   59929 IPWK21630 24/04/2026 24/04/2026 pozycje dostępne na miejscu
Biblioteka Instytutu Północnego, ul. Partyzantów 87, 10-402 Olsztyn, email: biblioteka(at)ip.olsztyn.pl